01155nam a2200289Ia 4500001001200000003000800012006001900020007001500039008004100054010001700095020003100112040002100143035002100164050002500185100001900210245014100229260006800370300001100438500002000449533015200469650002900621650002800650655002900678710001700707856012600724999001500850ebr10273823CaPaEBRm u cr cn|||||||||080818s2008 enk s 001 0 eng d z 2008036214 z9780566088445 (alk. paper) aCaPaEBRcCaPaEBR a(OCoLC)64679368714aHD58.82b.K57 2008eb1 aKirwan, Cyril.10aImproving learning transferh[electronic resource] :ba guide to getting more out of what you put into your training /cby Cyril Kirwan. aAldershot, Hants, England ;aBurlington, VT :bAshgate,cc2008. a211 p. aIncludes index. aElectronic reproduction.bPalo Alto, Calif. :cebrary,d2009.nAvailable via World Wide Web.nAccess may be limited to ebrary affiliated libraries. 0aOrganizational learning. 0aEmployeesxTraining of. 7aElectronic books.2local2 aebrary, Inc.40uhttp://site.ebrary.com/lib/rucke/Doc?id=10273823zAn electronic book accessible through the World Wide Web; click to view c6408d6408